[Event "German Bundesliga 2021-22"]
[Site "Germany"]
[Date "2022.03.06"]
[Round "2.12"]
[White "Gumularz, Szymon"]
[Black "Horvath, Dominik"]
[Result "1-0"]
[WhiteElo "2539"]
[BlackElo "2483"]
[Annotator "ChessBase"]
[PlyCount "107"]
[EventDate "2022.03.05"]
[EventType "team-tourn"]
[EventCountry "GER"]
[SourceTitle "playchess.com"]
[Source "ChessBase"]
[SourceQuality "1"]
[TimeControl "40/5400+30:1800+30"]

1. c4 {[%emt 0:00:00]} e6 {[%emt 0:00:00]} 2. Nc3 {[%emt 0:00:00]} d5 {[%emt 0:00:00]} 3. d4 {[%emt 0:00:00]} c6 {[%emt 0:00:00]} 4. e3 {[%emt 0:01:08]} Nf6 {[%emt 0:00:00]} 5. Nf3 {[%emt 0:00:05]} Nbd7 {[%emt 0:00:00]} 6. Be2 {[%emt 0:02:03]} dxc4 {[%emt 0:00:00]} 7. a4 {[%emt 0:01:04]} Qa5 {[%emt 0:02:49]} 8. Bxc4 {[%emt 0:21:54]} b5 {[%emt 0:01:05]} 9. Bd3 {[%emt 0:00:57]} b4 {[%emt 0:00:25]} 10. Ne4 {[%emt 0:01:56]} Ba6 {[%emt 0:06:46]} 11. Nxf6+ {[%emt 0:16:08]} Nxf6 {[%emt 0:00:51]} 12. Bxa6 {[%emt 0:08:54]} Qxa6 {[%emt 0:00:05]} 13. Qe2 {[%emt 0:00:05]} Qxe2+ {[%emt 0:02:01]} 14. Kxe2 {[%emt 0:00:04]} a5 {[%emt 0:14:07]} 15. b3 {[%emt 0:08:48]} c5 {[%emt 0:39:12]} 16. Bb2 {[%emt 0:00:15]} Ne4 {[%emt 0:00:15]} 17. Rac1 {[%emt 0:03:30]} Be7 {[%emt 0:01:24]} 18. Rhd1 {[%emt 0:08:36]} O-O {[%emt 0:00:58]} 19. Ne5 {[%emt 0:08:19]} Rfc8 {[%emt 0:10:58]} 20. f3 {[%emt 0:04:54]} Nf6 {[%emt 0:00:46]} 21. dxc5 {[%emt 0:03:23]} Bxc5 {[%emt 0:00:46]} 22. Rc4 {[%emt 0:00:29]} Rc7 {[%emt 0:10:27]} 23. Rdc1 {[%emt 0:05:27]} Rac8 {[%emt 0:00:04]} 24. Bd4 {[%emt 0:01:09]} Bd6 {[%emt 0:00:09]} 25. Bb6 {[%emt 0:00:37]} Rxc4 {[%emt 0:00:05]} 26. Rxc4 {[%emt 0:00:07]} Rb8 {[%emt 0:03:06]} 27. Bc7 {[%emt 0:00:36]} Bxc7 {[%emt 0:00:07]} 28. Rxc7 {[%emt 0:00:03]} Nd5 {[%emt 0:00:03]} 29. Rxf7 {[%emt 0:02:29]} Rc8 {[%emt 0:00:21]} 30. Kd2 {[%emt 0:00:31]} h5 {[%emt 0:04:53]} 31. Rd7 {[%emt 0:01:16]} Nc3 {[%emt 0:01:53]} 32. e4 {[%emt 0:00:58]} Nb1+ {[%emt 0:00:11]} 33. Ke3 {[%emt 0:00:03]} Rc3+ {[%emt 0:00:07]} 34. Rd3 {[%emt 0:00:07]} Rc2 {[%emt 0:00:03]} 35. Rd1 {[%emt 0:00:58]} Rb2 {[%emt 0:01:02]} 36. Kf4 {[%emt 0:00:48]} Nc3 {[%emt 0:02:15]} 37. Rd8+ {[%emt 0:00:14]} Kh7 {[%emt 0:00:03]} 38. g3 {[%emt 0:00:39]} Rxh2 {[%emt 0:00:26]} 39. Nf7 {[%emt 0:00:36]} Rg2 {[%emt 0:01:43]} 40. Rh8+ {[%emt 0:00:42]} Kg6 {[%emt 0:00:04]} 41. Ne5+ {[%emt 0:30:18]} Kf6 {[%emt 0:30:06]} 42. Rf8+ {[%emt 0:00:00]} Ke7 {[%emt 0:00:00]} 43. Rf7+ {[%emt 0:00:00]} Ke8 {[%emt 0:00:00]} 44. Rxg7 {[%emt 0:00:00]} h4 {[%emt 0:00:00]} 45. g4 {[%emt 0:00:00]} h3 {[%emt 0:00:00]} 46. Rh7 {[%emt 0:00:00]} h2 {[%emt 0:00:00]} 47. Kg5 {[%emt 0:00:00]} Rf2 {[%emt 0:00:00]} 48. Kg6 {[%emt 0:00:00]} Ne2 {[%emt 0:00:00]} 49. Kf6 {[%emt 0:00:00]} Kd8 {[%emt 0:00:00]} 50. g5 {[%emt 0:00:00]} Ng3 {[%emt 0:00:00]} 51. Kxe6 {[%emt 0:00:00]} h1=Q {[%emt 0:00:00]} 52. Rxh1 {[%emt 0:00:00]} Nxh1 {[%emt 0:00:00]} 53. g6 {[%emt 0:00:00]} Rg2 {[%emt 0:00:00]} 54. Ng4 {[%emt 0:00:00]} 1-0

[Event "German Bundesliga 2021-22"]
[Site "Germany"]
[Date "2022.03.06"]
[Round "2.12"]
[White "Rupprecht, Andreas"]
[Black "Warmerdam, Max"]
[Result "0-1"]
[WhiteElo "2389"]
[BlackElo "2607"]
[Annotator "TA"]
[PlyCount "108"]
[EventDate "2022.03.05"]
[EventType "team-tourn"]
[EventCountry "GER"]
[SourceTitle "playchess.com"]
[Source "ChessBase"]
[SourceQuality "1"]

{[%evp 9,108,58,57,64,51,42,73,-16,-18,-16,-5,0,0,-13,-10,-9,-13,0,-5,-34,-47,-50,4,11,4,0,0,0,0,0,74,80,71,0,16,0,0,-3,103,103,109,20,24,0,8,0,0,-3,0,-4,-2,-8,-8,-9,-1,-8,0,0,0,0,0,0,0,0,0,0,0,0,0,-12,-11,-58,-8,-8,-9,-29,-8,-8,0,0,0,0,0,0,0,-59,-59,-52,-50,-48,-37,-37,-8,-28,0,-89,-26,-39,-8,-367,-347]} 1. e4 c5 2. c3 {[%cal Bc2c3,Bc3c4,Bc4d5][%mdl 32]} d5 3. exd5 Nf6 4. Qa4+ Nbd7 5. c4 b5 6. Qxb5 {B22: Sicilian: 2 c3.} Rb8 7. Qa4 e6 8. Nc3 {[#]} (8. dxe6 $1 $16 Qe7 9. Nf3) 8... exd5 $146 ({Predecessor:} 8... Bb7 9. Nf3 exd5 10. cxd5 Bd6 11. Bb5 O-O 12. O-O Nb6 13. Qxa7 Nbxd5 14. Nxd5 Bxd5 {0-1 (27) Andersen,R (2169)-Jaksland,T (2287) Svendborg 2015}) 9. cxd5 Bd6 {Prevents Qf4.} 10. Nf3 O-O 11. Be2 Nb6 {[%csl LRa4,LRd5]} 12. Qh4 (12. Qxa7 $2 Ra8 13. Qxa8 Nxa8 $19) 12... Bb7 13. O-O Nbxd5 14. d4 Re8 {Hoping for ...Nxc3.} 15. Bd3 cxd4 ({Black should try} 15... c4 $15 16. Bc2 (16. Bxc4 $2 Nxc3 17. bxc3 Re4 $19) 16... Nxc3 17. bxc3 Bxf3 18. gxf3 Re2) 16. Nxd4 Re5 {Threatens to win with ...Rh5.} 17. Bg5 h6 18. Bxf6 Nxf6 19. Nf5 $1 g6 (19... Bc6 $11 20. Nxd6 Qxd6) 20. Nxd6 $16 ({And not} 20. Nxh6+ Kg7 21. Nxf7 Kxf7 $17) 20... Qxd6 21. Rfd1 (21. Rad1 $1 $16) 21... Qc6 {[%csl Gb7][%cal Rc6g2]} 22. Bf1 Rg5 {[%cal Rg5g2]} 23. f3 Qxf3 {[#]} (23... Qb6+ $11 24. Qf2 Bxf3) 24. Qxg5 $1 {[%mdl 512]} Qxd1 {[#]} 25. Rxd1 (25. Qxg6+ $1 $16 {[%mdl 512]} fxg6 26. Rxd1) 25... hxg5 $11 26. b3 Re8 27. Bc4 Kg7 28. h3 Re5 29. Rf1 Bc6 30. Rf2 Re1+ 31. Rf1 Re3 32. Ne2 Nd5 33. Nd4 Ba8 34. Nf3 f6 35. Kf2 {aiming for Bxd5.} Rc3 36. Rd1 Nb6 37. Be2 Bxf3 38. gxf3 {[%mdl 4096] Endgame KRB-KRN} Kf7 39. Bd3 f5 40. Ke3 (40. Kg3 $11 {should be considered.}) 40... Rc7 ({Black should play} 40... Kf6 $15) 41. Kd4 Kf6 42. a4 {[%cal Ba2a4,Ba4a5][%mdl 32]} Rh7 43. a5 Nd7 44. Bf1 Ne5 {...Rd7+ is the strong threat.} 45. Kc5 Rc7+ 46. Kb5 Nxf3 47. Rd6+ (47. b4 $11) 47... Ke5 $15 48. Rxg6 Nd4+ 49. Ka6 Kf4 50. b4 Nc2 51. Kb5 Rb7+ 52. Ka6 {[#]} (52. Kc5 $1 $11 {remains equal.}) 52... Re7 ({Much worse is} 52... Rxb4 $6 53. Kxa7 Ne3 54. Be2 $11) (52... Rd7 $1 $17 53. Kb5 Rd5+ 54. Ka4 Rd1) 53. Kb5 $11 Re5+ 54. Kc6 $2 {[%mdl 8192]} (54. Ka4 $11 {and White stays safe.}) 54... Nxb4+ {Weighted Error Value: White=0.25 (precise) /Black=0.14 (very precise)} 0-1

[Event "German Bundesliga 2021-22"]
[Site "Germany"]
[Date "2022.03.16"]
[Round "2.12"]
[White "Klein, Felix"]
[Black "Kempinski, Robert"]
[Result "1/2-1/2"]
[WhiteElo "2288"]
[BlackElo "2570"]
[Annotator "TA"]
[PlyCount "74"]
[EventDate "2022.03.05"]
[EventType "team-tourn"]
[EventCountry "GER"]

{[%evp 16,74,27,27,62,0,0,0,-13,-8,25,34,66,63,172,185,162,76,85,90,85,81,80,77,122,80,88,87,89,102,129,59,74,64,60,28,45,20,38,0,0,0,0,0,0,0,0,0,0,0,0,0,0,0,0,0,0,0,0,0,0]} 1. e4 c5 2. Nf3 e6 3. d4 cxd4 4. Nxd4 Nc6 5. Nc3 a6 6. Be3 Nf6 7. a3 Qc7 8. f4 d6 9. Qf3 b5 {B82: Sicilian Scheveningen: 6 f4.} 10. e5 {[#] White is more active.} (10. Nxc6 $14 Qxc6 11. Bd3) 10... Nxd4 $146 ({Predecessor:} 10... Bb7 11. Ndxb5 axb5 12. Nxb5 Qb8 13. exf6 gxf6 14. Bb6 Be7 15. Bc7 Qc8 16. Nxd6+ Bxd6 17. Bxd6 {1-0 (32) Lagno,K (2559)-Florescu,C (2293) Chess.com INT 2021}) 11. Bxd4 Bb7 12. Qg3 dxe5 13. Bxe5 Bd6 14. O-O-O $36 {[%mdl 2048] White fights for an advantage.} ({Avoid the trap} 14. Qxg7 $2 Bxe5 $1 15. fxe5 (15. Qxh8+ $2 {loses.} Ke7 $19) 15... Qxe5+ 16. Ne2 Rg8 $19) 14... Bxe5 ({Better is} 14... Ne4 $1 $14 15. Qxg7 O-O-O) 15. fxe5 $18 Nd5 {[#]} 16. Qxg7 ({Don't take} 16. Nxd5 $6 Bxd5 17. Qxg7 O-O-O $14) (16. Bxb5+ $1 $18 {[%mdl 512] is more deadly.} axb5 (16... Kf8 17. Nxd5) 17. Nxb5) 16... O-O-O $16 17. Nxd5 Bxd5 18. Bd3 {To avoid Be4} Rhg8 19. Qxh7 Rxg2 (19... Qxe5 $142 20. Qxf7 Rg7) 20. Rhf1 (20. Be4 $142 Rf2 21. Bxd5 Rxd5 22. Rxd5 exd5 23. Re1) 20... Qxe5 21. Qxf7 Qe3+ 22. Kb1 {Strongly threatening h4.} Rxh2 {[#]} 23. a4 (23. Qf6 $1 $16) 23... Qc5 $14 24. axb5 {Really sharp!} axb5 25. Qf4 Rdh8 26. Rd2 {[%cal Bd1d2,Bd2f2,Bf2f7,Bf7d7][%mdl 32]} R2h4 (26... Rh1 {is interesting.} 27. Rfd1 R8h4 28. Qg3 Kb7 29. Bf1 Rh7) 27. Qf2 (27. Qf6 {is more complex.} Kb7 28. b3 Rh1 29. Rdd1 Rxf1 30. Rxf1 Rc8 31. Qe5) 27... Qxf2 {The position is equal.} 28. Rdxf2 b4 29. Rf7 Rh1 30. b3 Rxf1+ 31. Bxf1 $11 {[%mdl 4096] Endgame KRB-KRB} Rh4 32. Kb2 Kd8 33. Bb5 Rg4 34. Rd7+ Kc8 35. Re7 Rf4 36. Ba4 Rf2 37. Bb5 Rf4 {Black defended with fortune.  Weighted Error Value: White=0.16 (very precise) /Black=0.15 (very precise)} 1/2-1/2

[Event "German Bundesliga 2021-22"]
[Site "Germany"]
[Date "2022.03.06"]
[Round "2.13"]
[White "Andersen, Mads"]
[Black "Lipok, Christoph"]
[Result "1-0"]
[WhiteElo "2570"]
[BlackElo "2271"]
[Annotator "ChessBase"]
[PlyCount "61"]
[EventDate "2022.03.05"]
[EventType "team-tourn"]
[EventCountry "GER"]
[SourceTitle "playchess.com"]
[Source "ChessBase"]
[SourceQuality "1"]
[TimeControl "40/5400+30:1800+30"]

1. e4 {[%emt 0:00:00]} e5 {[%emt 0:00:00]} 2. Nf3 {[%emt 0:00:00]} Nc6 {[%emt 0:00:00]} 3. Bc4 {[%emt 0:00:00]} Nf6 {[%emt 0:00:00]} 4. d3 {[%emt 0:00:00]} Bc5 {[%emt 0:00:00]} 5. c3 {[%emt 0:00:00]} d6 {[%emt 0:00:00]} 6. O-O {[%emt 0:00:00]} h6 {[%emt 0:00:00]} 7. Re1 {[%emt 0:00:00]} a5 {[%emt 0:00:00]} 8. Bb3 {[%emt 0:00:00]} O-O {[%emt 0:00:00]} 9. h3 {[%emt 0:00:00]} Be6 {[%emt 0:04:16]} 10. Bc2 {[%emt 0:20:20]} Ba7 {[%emt 0:22:50]} 11. d4 {[%emt 0:02:11]} exd4 {[%emt 0:13:17]} 12. Nxd4 {[%emt 0:02:38]} Bd7 {[%emt 0:02:57]} 13. Be3 {[%emt 0:11:21]} Re8 {[%emt 0:01:13]} 14. Nd2 {[%emt 0:03:19]} Nxd4 {[%emt 0:12:46]} 15. cxd4 {[%emt 0:11:31]} Bb5 {[%emt 0:19:10]} 16. a4 {[%emt 0:01:58]} Ba6 {[%emt 0:00:21]} 17. Ra3 {[%emt 0:03:35]} c5 {[%emt 0:05:35]} 18. dxc5 {[%emt 0:07:31]} Bxc5 {[%emt 0:00:15]} 19. Bxc5 {[%emt 0:01:49]} dxc5 {[%emt 0:00:04]} 20. e5 {[%emt 0:01:18]} Nd5 {[%emt 0:01:51]} 21. Rg3 {[%emt 0:04:24]} Nf4 {[%emt 0:03:26]} 22. Qg4 {[%emt 0:07:01]} Nh5 {[%emt 0:01:10]} 23. Qxh5 {[%emt 0:05:57]} Qxd2 {[%emt 0:00:08]} 24. Re4 {[%emt 0:00:58]} Qxc2 {[%emt 0:02:12]} 25. Qxh6 {[%emt 0:02:59]} Qd1+ {[%emt 0:02:54]} 26. Kh2 {[%emt 0:00:11]} g6 {[%emt 0:00:38]} 27. Rxg6+ {[%emt 0:00:48]} fxg6 {[%emt 0:00:36]} 28. Qxg6+ {[%emt 0:00:08]} Kf8 {[%emt 0:00:17]} 29. Rf4+ {[%emt 0:00:16]} Ke7 {[%emt 0:00:28]} 30. Rf7+ {[%emt 0:00:10]} Kd8 {[%emt 0:00:51]} 31. Qb6+ {[%emt 0:00:08]} 1-0

[Event "German Bundesliga 2021-22"]
[Site "Germany"]
[Date "2022.03.16"]
[Round "2.13"]
[White "Ernst, Sipke"]
[Black "Begnis, Nikolaos"]
[Result "1-0"]
[WhiteElo "2532"]
[BlackElo "2278"]
[Annotator "TA"]
[PlyCount "105"]
[EventDate "2022.03.05"]
[EventType "team-tourn"]
[EventCountry "GER"]

{[%evp 9,105,18,22,16,43,39,46,39,64,54,61,67,73,67,76,33,22,43,57,22,84,45,35,26,98,0,0,0,0,0,25,40,72,70,84,79,86,0,0,0,0,-17,-39,-113,-99,-106,0,0,0,0,0,0,0,0,95,95,111,107,219,212,184,91,382,352,404,414,415,393,356,305,766,728,1254,1227,12841,12841,12841,0,748,732,12839,439,12837,12837,12837,12838,12838,12838,12846,12847,12850,12850,12850,27999,27999,27999,27999,27999]} 1. d4 Nf6 2. c4 g6 3. Nc3 Bg7 4. e4 d6 5. h4 c5 6. d5 {E70: King's Indian: Miscellaneous lines with 4 e4, including 5 Nge2 and 5 Bd3 0-0 6 Nge2.} h5 7. Be2 O-O 8. Nf3 {White is slightly better.} b5 9. cxb5 a6 $1 {[#]} 10. a4 $146 ({Predecessor:} 10. bxa6 Bxa6 11. O-O Nbd7 12. Bxa6 Rxa6 13. Bg5 Qa8 14. Qe2 Rb8 15. Rfd1 Rab6 16. b3 {0-1 (34) Deuer,M (2282)-Tasev,D (2272) Chess.com INT 2021}) 10... axb5 11. Bxb5 Na6 12. Qe2 (12. Bg5 $16) 12... Nc7 $14 13. Bc4 Bg4 14. Bg5 Qb8 (14... Nd7 $11) 15. Ra3 e6 {[%cal Of6e4] Strongly threatening ...Nxe4!} 16. O-O Re8 (16... exd5 $11 17. exd5 Re8) 17. Qd3 (17. dxe6 $16 Bxe6 18. Bxe6 Rxe6 19. Bxf6 Bxf6 20. Qd2) 17... exd5 $11 18. exd5 Bf5 19. Qd2 Qb4 {[#]} 20. Nb5 $1 Qxc4 21. Nxc7 {aiming for Rc1.} Re2 22. Qd1 Bc2 23. Nd2 Bxd1 24. Nxc4 Rxa4 25. Rxa4 (25. Nxd6 $5 {[%cal Rf1d1]} Rxa3 26. bxa3 $11) 25... Bxa4 26. Ra1 (26. Nxd6 $15 Bb3 27. Nb7) 26... Bb3 $17 27. Nd2 {[#]} Bxd5 {This bishop pair is nice.} ({Better is} 27... Nxd5 $1 $17 28. Ra8+ Kh7) 28. Kf1 $36 {[%mdl 2048] White has the initiative.} Re5 29. f3 {Prevents Ne4.} Ne8 30. Nxd5 Rxd5 31. Ra8 Re5 (31... Kf8 $11 {remains equal.}) 32. Ne4 $16 {Threatens to win with Nxd6.} Kh7 33. Bf4 {White is more active.} Rxe4 34. fxe4 {[%mdl 4096] Endgame KRB-KBN} Nf6 35. e5 ({Much less strong is} 35. Bxd6 $6 Nxe4 36. Bf8 Bxb2 $14) (35. Ra7 $18 {and White stays clearly on top.}) 35... dxe5 $2 {[%mdl 8192]} (35... Nd5 $16) 36. Bxe5 $18 Ne4 37. Bxg7 Kxg7 {KR-KN} 38. Ke2 Kf6 39. Kd3 Nd6 (39... Kf5 40. Ra7 f6) 40. Ra5 c4+ 41. Kd4 {Ra6 is the strong threat.} Ke6 42. Ra6 Ke7 {[#]} 43. Ra5 (43. Rxd6 $142 $1 {[%mdl 512]} Kxd6 44. Kxc4) 43... Ke6 44. Re5+ Kd7 45. Kd5 (45. Rd5 $142 Kc6 46. g3) 45... f6 (45... Nb7 $142 46. Kxc4 Kd6) 46. Re6 Nf5 47. Rxf6 Ne3+ 48. Ke4 Nxg2 49. Rxg6 Nxh4 50. Rg5 Ke7 51. Rxh5 Ng6 52. Rh7+ Kf6 53. Rh6 {Weighted Error Value: White=0.48/Black=0.40} 1-0

[Event "German Bundesliga 2021-22"]
[Site "Germany"]
[Date "2022.03.06"]
[Round "2.13"]
[White "Lenaerts, Lennert"]
[Black "Gustafsson, Jan"]
[Result "1/2-1/2"]
[WhiteElo "2352"]
[BlackElo "2643"]
[Annotator "TA"]
[PlyCount "82"]
[EventDate "2022.03.05"]
[EventType "team-tourn"]
[EventCountry "GER"]
[SourceTitle "playchess.com"]
[Source "ChessBase"]
[SourceQuality "1"]

{[%evp 28,82,53,28,48,22,17,22,21,-35,-47,-42,-48,-49,-19,-90,-83,-153,-64,-68,-54,-93,-95,-138,-120,-130,-20,-14,-21,-89,-56,-56,-56,-56,-56,-56,-56,-56,-56,-56,-56,-80,-80,-108,-94,-246,0,0,0,-6,-6,-14,0,0,0,0,0]} 1. e4 e5 2. Nf3 Nc6 3. Bb5 a6 4. Ba4 Nf6 5. O-O Be7 6. Re1 b5 7. Bb3 O-O 8. c3 d5 9. exd5 Nxd5 10. Nxe5 Nxe5 11. Rxe5 c6 12. d4 Bd6 13. Re1 Qh4 14. g3 Qh3 15. Be3 a5 {[%cal Ba6a5,Ba5a4][%mdl 32] C89: Closed Ruy Lopez: Marshall Attack.} 16. Qf3 (16. Bxd5 $5 cxd5 17. Qf3 $14) 16... Be6 17. Qg2 Qf5 {[#]} 18. Nd2 $146 (18. Bd1 $11) ({Predecessor:} 18. Bd1 b4 19. c4 Nxe3 20. fxe3 Bxc4 21. Nd2 Bb5 22. Rc1 Rac8 23. Be2 Rfe8 24. Qf3 {½-½ (35) Pantazi,A (2451)-Craciuneanu,V (2452) ICCF email 2015}) 18... a4 $15 19. Bxd5 Bxd5 20. f3 Rfe8 {[%mdl 1024] Black has compensation.} 21. Qf2 (21. Ne4 $11 {remains equal.} Bxe4 22. fxe4 Qxe4 23. Qxe4 Rxe4 24. Bf4 Rxe1+ 25. Rxe1 Bxf4 26. gxf4) 21... h5 $17 22. Ne4 (22. Qg2 $142) 22... Bc7 ({Inferior is} 22... Bxe4 23. fxe4 Qxe4 24. Bf4 $11) (22... Rxe4 $17 23. fxe4 Qxe4) 23. Bd2 $15 Re6 24. Re2 Rae8 25. a3 (25. Ree1 $142) 25... Qg6 $17 {White must now prevent ...f5.} 26. Rae1 Bc4 (26... h4 $1 $17 {Hoping for ...f5.} 27. Ng5 Rxe2 28. Rxe2 f6 29. Rxe8+ Qxe8) 27. Re3 $11 h4 28. Kg2 (28. Ng5 $1 $11 {keeps the balance.}) 28... Bd5 {[%cal Re6e4]} 29. Ng5 Rxe3 30. Rxe3 {[%cal Re3e8]} f6 $36 {[%mdl 2048] Black is pushing.} 31. Nh3 $1 Rxe3 32. Bxe3 hxg3 33. hxg3 Qf5 34. Bf4 {[#]} Bd8 35. Qe2 {[#]} Kf7 $1 36. Kh2 $2 (36. Nf2 $17 {was necessary.}) 36... Be7 $2 (36... g5 $19 37. g4 Qe6 38. Qxe6+ Kxe6) 37. g4 {The position is equal.} Qb1 38. Bg3 Bc4 39. Qd2 Bd5 40. Qe2 Bb3 41. Nf4 g5 {Weighted Error Value: White=0.29 (precise) /Black=0.24 (precise)} 1/2-1/2

[Event "German Bundesliga 2021-22"]
[Site "Germany"]
[Date "2022.03.06"]
[Round "2.14"]
[White "Meier, Georg"]
[Black "Van Osch, Mees"]
[Result "1-0"]
[WhiteElo "2631"]
[BlackElo "2349"]
[Annotator "TA"]
[PlyCount "71"]
[EventDate "2022.03.05"]
[EventType "team-tourn"]
[EventCountry "GER"]
[SourceTitle "playchess.com"]
[Source "ChessBase"]
[SourceQuality "1"]

{[%evp 12,71,50,21,25,20,28,28,33,35,32,39,35,27,35,35,29,0,16,0,158,170,137,79,300,54,185,193,248,202,253,245,232,241,282,281,280,214,285,282,443,446,543,532,535,535,528,528,528,528,528,527,779,776,775,774,762,752,1097,1093,1025,1006]} 1. c4 Nf6 2. Nc3 g6 3. d4 Bg7 4. Nf3 O-O 5. Bg5 c5 6. d5 d6 {6...d6 scores better than 6...h6.} 7. Nd2 h6 {E61: King's Indian: Early deviations for White, including Smyslov System.} 8. Bh4 g5 9. Bg3 Nh5 {White has an edge.} 10. e4 Nxg3 11. hxg3 e6 $1 12. Bd3 exd5 13. cxd5 Nd7 14. f4 {Inhibits Ne5.} (14. Nc4 $5 {[%cal Rc4d6]}) 14... a6 {[#]} 15. Nc4 $146 ({Predecessor:} 15. a4 Re8 16. Nc4 Nf8 17. Qh5 Ng6 18. Rf1 Rb8 19. a5 gxf4 20. gxf4 Qf6 21. g3 {1-0 (33) Soudier,M-Pecori,R France 1984}) 15... b5 $2 ({Black should try} 15... gxf4 $11 16. gxf4 (16. Nxd6 Qf6 $15) 16... Qf6) 16. Nxd6 $16 c4 {[#]} 17. Bc2 {Hoping for Nf5.} Qb6 $2 (17... Nc5 $16) 18. e5 $2 {Active counter play!} (18. Nf5 $18) 18... Qe3+ (18... Nxe5 $14 19. fxe5 Bxe5) 19. Kf1 $18 {aiming for Nf5.} Nc5 (19... Nxe5 $142 20. fxe5 Qxe5) 20. Qf3 {Really sharp!} Qxf3+ 21. gxf3 Rd8 22. Re1 Bd7 23. Nce4 Nxe4 24. Bxe4 {Black must now prevent fxg5.} Rab8 25. Bf5 Rb6 (25... Be8 $142 26. Nxe8 Rxe8) 26. Bxd7 {White is clearly winning.} Rxd6 27. exd6 {Threatens to win with Bf5.} Rxd7 {[%mdl 4096] Endgame KRR-KRB} 28. Re8+ Kh7 29. fxg5 Rxd6 30. Rh5 Kg6 {[#]} 31. gxh6 $1 Bxb2 (31... Bxh6 32. g4) 32. g4 {Strongly threatening h7.} Kh7 33. Re7 Rf6 34. Ke2 c3 35. Rc7 a5 36. Rf5 {Weighted Error Value: White=0.23 (precise) /Black=0.56} 1-0

[Event "German Bundesliga 2021-22"]
[Site "Germany"]
[Date "2022.03.06"]
[Round "2.14"]
[White "Jakubowski, Krzysztof"]
[Black "Yankelevich, Lev"]
[Result "1/2-1/2"]
[WhiteElo "2475"]
[BlackElo "2444"]
[Annotator "TA"]
[PlyCount "41"]
[EventDate "2022.03.05"]
[EventType "team-tourn"]
[EventCountry "GER"]

{[%evp 21,40,15,15,0,36,26,41,12,10,0,0,0,6,0,0,0,0,0,5,0,0]} 1. e4 e5 2. Nf3 Nc6 3. Bc4 Nf6 4. d3 Bc5 5. O-O d6 6. c3 a6 7. Bb3 h6 8. Re1 O-O 9. h3 Ba7 10. Nbd2 Re8 11. Nf1 Be6 12. Be3 {C54: Giuoco Piano: 4 c3 Nf6, main lines with 5 d4 and 5 d3.} d5 13. Bxa7 {[%cal Oe4d5] [#] And now exd5! would win.} Rxa7 14. exd5 {White is slightly better.} (14. Qc2 {is more complex.} Ra8 15. Rad1 Rb8 16. Ne3 Qd6 17. d4) 14... Bxd5 {The position is equal.} 15. Bxd5 Nxd5 16. d4 exd4 17. Rxe8+ Qxe8 18. Nxd4 Ra8 19. Nxc6 Qxc6 20. Qd4 Re8 {[#]  Weighted Error Value: White=0.06 (flawless) /Black=0.08 (flawless)} {Predecessor:} 21. Rd1 $146 1/2-1/2

[Event "German Bundesliga 2021-22"]
[Site "Germany"]
[Date "2022.03.16"]
[Round "2.14"]
[White "Coenen, Norbert"]
[Black "Svane, Frederik"]
[Result "0-1"]
[WhiteElo "2276"]
[BlackElo "2496"]
[Annotator "TA"]
[PlyCount "80"]
[EventDate "2022.03.05"]
[EventType "team-tourn"]
[EventCountry "GER"]

{[%evp 9,80,20,24,14,30,18,29,24,32,30,31,28,40,-44,42,48,67,63,70,11,68,25,54,41,44,41,71,32,57,49,79,35,60,6,9,12,26,0,6,-76,0,-13,-4,-26,-12,-34,-35,-62,-53,-53,-35,-36,0,-56,-53,-46,-22,-53,-15,-87,-92,-103,-81,-103,-47,-59,-69,-61,-63,-106,-106,-729,-721]} 1. e4 c5 2. Nf3 d6 3. Bb5+ {[%cal Bf1b5,Bb5d3,Bd3c4][%mdl 32]} Nd7 4. O-O a6 5. Bd3 Ngf6 6. c3 {B51: Sicilian: Moscow Variation (3 Bb5+) without 3...Bd7.} e5 7. Re1 Be7 8. a4 {White has an edge.} O-O 9. Na3 Re8 {[#]} 10. Bc4 $146 ({Predecessor:} 10. Nc2 Nf8 11. h3 h6 12. Ne3 Be6 13. Qc2 Rc8 14. Bc4 Bxc4 15. Nxc4 b5 16. Ne3 {½-½ (49) Bajorski,M (2083)-Reichel,B (1484) Bad Soden 2018}) 10... h6 {[%cal Ob7b5]} 11. d4 (11. d3 $14) 11... Qc7 (11... cxd4 $15 12. cxd4 exd4) 12. dxe5 dxe5 13. Qb3 $1 Rf8 14. a5 (14. Nh4 $14) 14... Bd6 (14... Qxa5 $11 15. Nh4 b5) 15. Nh4 (15. Qd1 $14) 15... b5 16. axb6 $1 Nxb6 17. Qd1 Kh7 18. Qf3 Bg4 19. Qg3 Rfd8 20. h3 ({White should play} 20. Nf5 $16) 20... Bc8 $14 21. Qf3 (21. Bf1 $14) 21... Nxc4 $11 22. Nxc4 Be6 23. Ne3 c4 $1 24. Nef5 {[#]} (24. Nhf5 $1 $11) 24... Ng8 (24... Bf8 $1 $17) 25. Nxd6 ({Don't go for} 25. Qg4 $2 g6 26. Qf3 gxf5 $19) 25... Rxd6 26. Qg3 Rd3 27. Nf3 f6 28. Qh4 Qf7 29. Re3 Rd1+ 30. Re1 Rd3 31. Re3 $1 Rd6 32. Re1 Ne7 33. Be3 Rd3 34. Red1 (34. Qg3 $11 {keeps the balance.}) 34... Ng6 $17 35. Qh5 {[#]} Qb7 $1 {[%csl LRb2,LRe4]} 36. Nh4 Qxe4 {Active counter play!} ({Better is} 36... Nxh4 $17 37. Qxh4 a5) 37. Qxg6+ $15 Qxg6 38. Nxg6 Kxg6 39. Kf1 (39. Rxd3 $15 cxd3 40. Kf1) 39... Rb8 $17 40. b4 $2 {[%mdl 8192] [#]} (40. Rxd3 $17 cxd3 41. b4) 40... cxb3 $1 {Weighted Error Value: White=0.40/Black=0.18 (very precise)} 0-1